Business information management improving performance using information systems

Gespeichert in:
Bibliographische Detailangaben
1. Verfasser: Chaffey, Dave
Weitere Verfasser: Wood, Steve
Format: Buch
Sprache:Englisch
Veröffentlicht: Harlow Prentice Hall 2005
Schlagworte:
Tags: Tag hinzufügen
Keine Tags, Fügen Sie das erste Tag hinzu!

MARC

LEADER 00000nam$a2200000$$$4500
001 0028776
005 20240312115448.2
020 |a 0-273-68655-0 
041 0 |a eng 
044 |a GB 
245 1 0 |a Business information management  |b improving performance using information systems  |c Dave Chaffey, Steve Wood 
264 1 |a Harlow  |b Prentice Hall  |c 2005 
300 |a 118 s. 
610 2 0 |a informácie 
610 2 0 |a riadenie 
610 2 0 |a manažment 
610 2 0 |a systémy informačné 
610 2 0 |a softvér 
610 2 0 |a technológie informačné 
610 2 0 |a stratégia informačná 
610 2 0 |a riadenie kvality 
610 2 0 |a služby informačné 
610 2 0 |a etika 
100 1 |a Chaffey, Dave 
700 1 |a Wood, Steve